1529 1325 1545 1055 1666 1836 1789 1165 1814 1791 1184 1226 1907 1911 1101 1585 1158 1482 1396 1628 1139 1411 1438 1287 1305 1974 1520 1124 1262 1961 1377 1994 1455 1238 1012 1912 1331 1079 1900 1020 1445 1694 1194 1392 1854 1820 1897 1767 1289 1202 1872 1453 1438 1972 1899 1542 1988 1309 1053 1639 1052 1138 1271 1300 1910 1862 1618 1985 1847 1393 1950 1089 1170 1119 1098 1131 1215 1100 1173 1047 1904 1865 1224 1577 1805 1818 1905 1691 1306 1299 1567 1556 1700 1270 1056 1957 1227 1481 1669 BCNSPRNW ULIB Ver.6.0+V

เปลี่ยนเป็นภาษาไทย

Change to English
 แสดงรายละเอียดบรรณานุกรม
  กลับหน้าหลัก

Brief Record : Get Marc (ISO 2709) : E-mail record : QR code < ปิดหน้าต่าง
LEADER : 00000nam 2200000uu 4500
001    13399114398
003     ULIB
008    120327s2545||||th 000 0 tha d
020    ^a9740500056
060 04 ^aWB400^bว816ภ 2545
100 0  ^aวีนัส ลีฬหกุล
245 10 ^aโภชนศาสตร์ทางการพยาบาล /^cวีนัส ลีฬหกุล, สุภาณีพุทธเดชาคุ้ม, ถนอมขวัญ ทวีบูรณ์
250    ^aพิมพ์ครั้งที่ 2
260    ^aกรุงเทพฯ :^bบุญศิริการพิมพ์,^c2545
300    ^avii, 406 หน้า :^bภาพประกอบ ;^c26 ซม.
650  7 ^aโภชนาการ
700 0  ^aถนอมขวัญ ทวีบูรณ์
700 0  ^aสุภาณี พุทธเดชาคุ้ม
945    ^p0^l0^i13449
995    ^aกัณชพร
999    ^aใช้งานได้ทุกระบบ
รายการนี้ยังไม่มีแท็ก
คุณยังไม่ได้ล็อกอิน คุณสามารถมีกิจกรรมร่วมกับเว็บไซต์ได้ แต่ต้องล็อกอินก่อน ::
  ล็อกอิน

รายการสื่อสารสนเทศ

ลำดับที่ ประเภท เลขเรียก/บาร์โค้ด สถานที่ สถานะ
- ไม่พบข้อมูล -

รายการใกล้เคียง
    ผู้แต่ง [วีนัส ลีฬหกุล]

    หัวเรื่อง [โภชนาการ]

BibComment


ยังไม่เคยถูกคอมเมนท์

คอมเมนท์ทรัพยากรรายการนี้
  คอมเมนท์: โภชนศาสตร์ทางการ..


 Copyright 2026. Bcnsprnw @Library